Gaseous nitrogen laser in system of microwave switch triggering; 3rd International Congress on Radiation Physics and Chemistry of Condensed Matter, High Current Electronics and Modification of Materials with Particle Beams and Plasma Flows

Detalhes bibliográficos
Parent link:3rd International Congress on Radiation Physics and Chemistry of Condensed Matter, High Current Electronics and Modification of Materials with Particle Beams and Plasma Flows.— 2012.— [P. 200]
Autor Corporativo: National Research Tomsk Polytechnic University (TPU)
Outros Autores: Arteev M. S. Mikhail Sidorovich, Avgustinovich V. A. Vladimir Andreevich, Artemenko S. N. Sergey Nikolaevich, Kaminsky V. L. Valery Ludvigovich, Novikov S. A. Sergey Avtonomovich, Yushkov Y. G. Yuri Georgievich
Resumo:Title screen.
Idioma:inglês
Publicado em: 2012
Assuntos:
Acesso em linha:http://www.lib.tpu.ru/fulltext/c/2012/C54/005.pdf
Formato: Recurso Electrónico Capítulo de Livro
KOHA link:https://koha.lib.tpu.ru/cgi-bin/koha/opac-detail.pl?biblionumber=608392

MARC

LEADER 00000naa2a2200000 4500
001 608392
005 20260320093157.0
035 |a (RuTPU)RU\TPU\conf\5823 
090 |a 608392 
100 |a 20140929d2012 k||y0rusy50 ba 
101 0 |a eng 
102 |a RU 
135 |a drnn ---uucaa 
181 0 |a i  
182 0 |a b 
200 1 |a Gaseous nitrogen laser in system of microwave switch triggering  |f M. S. Arteev [et al.] 
203 |a Текст  |c электронный 
300 |a Title screen. 
337 |a Adobe Reader 
463 1 |0 (RuTPU)RU\TPU\conf\1250  |t 3rd International Congress on Radiation Physics and Chemistry of Condensed Matter, High Current Electronics and Modification of Materials with Particle Beams and Plasma Flows  |o abstracts  |f National Research Tomsk Polytechnic University (TPU)  |v [P. 200]  |d 2012 
610 1 |a электронный ресурс 
610 1 |a труды учёных ТПУ 
701 1 |a Arteev  |b M. S.  |c radiophysicist  |c Leading engineer of Tomsk Polytechnic University  |f 1950-  |g Mikhail Sidorovich  |3 (RuTPU)RU\TPU\pers\32427  |9 16376 
701 1 |a Avgustinovich  |b V. A.  |c radiophysicist  |c Leading engineer of Tomsk Polytechnic University  |f 1941-  |g Vladimir Andreevich  |3 (RuTPU)RU\TPU\pers\32425  |9 16374 
701 1 |a Artemenko  |b S. N.  |c physicist  |c Leading researcher of Tomsk Polytechnic University, Doctor of physical and mathematical science  |f 1951-  |g Sergey Nikolaevich  |3 (RuTPU)RU\TPU\pers\31801  |9 15912 
701 1 |a Kaminsky  |b V. L.  |c physicist  |c The Head of the Laboratory of Tomsk Polytechnic University  |f 1942-  |g Valery Ludvigovich  |3 (RuTPU)RU\TPU\pers\31800  |9 15911 
701 1 |a Novikov  |b S. A.  |c specialist in electrical engineering  |c Professor of Tomsk Polytechnic University, doctor of physical and mathematical sciences  |f 1949-  |g Sergey Avtonomovich  |3 (RuTPU)RU\TPU\pers\32424  |9 16373 
701 1 |a Yushkov  |b Y. G.  |c electrophysicist  |c Professor of Tomsk Polytechnic University, Doctor of technical sciences  |f 1937-  |g Yuri Georgievich  |3 (RuTPU)RU\TPU\pers\25936  |9 11786 
712 0 2 |a National Research Tomsk Polytechnic University (TPU)  |3 (RuTPU)RU\TPU\col\18773 
801 2 |a RU  |b 63413507  |c 20140929  |g RCR 
856 4 |u http://www.lib.tpu.ru/fulltext/c/2012/C54/005.pdf 
942 |c BK